00692nam a22002177a 450000500170000001000130001702000260003003500130005603700160006904000120008508200160009710000200011324500850013326000490021827000650026730000280033250000510036065000260041165000170043770000200045420170124110002.0 aB-164300 c800.00a9788173052149 aB-164300 bCen Lib/Ret aDPLbEN a368.59bGRE aGreffe, Xavier  aManaging our cultural heritage /cby Xavier Greffe; translated by Latika sahgal  aNew Delhi bAryan Books International c2001 bNew Delhi apooja apts, 4B, ansari road, darya ganj e110002 aviii, 195p. :c24cm(Hb) aIncludes bibliographical references and index  aCultural heritage z  aDevelopment  aSahgal, Latika